000 007010000a22001810004500
003 LK-CoMWRAF
008 230817t1975 ||||| |||| 00| 0 eng d
040 _aLK-CoMWRAF
_dLK-CoMWRAF
_eLK-CoMWRAF
041 _aeng
082 _a376.954
_bEDU
111 _aREGIONAL SEMINAR ON ' EDUCATION OF WOMEN FOR INVOLVEMENT IN NATIONAL DEVELOPMENT'
_c( Colombo: Sri Lanka Foundation Institute
_dNovember 1975)
245 _aEducation of Women for involvement in national development
260 _aColombo:
_bSri Lanka Foundation Institute,
_c1975
300 _a152 p. ; 23 cm.
490 _a Sri Lanka Foundation Institute Seminar series
_vreport 4
650 _aWomen--Education--India--Congresses
942 _cCP
999 _c1655
_d1655